LEADER 00889nam0-2200325---450- 001 990009528550403321 005 20120214112450.0 010 $a978-88-420-9740-2 035 $a000952855 035 $aFED01000952855 035 $a(Aleph)000952855FED01 035 $a000952855 100 $a20120214d2011----km-y0itay50------ba 101 0 $aita 102 $aIT 105 $ay-------001yy 200 1 $aStoria della camorra$fFrancesco Barbagallo 210 $aRoma ; Bari$cLaterza$d2011 215 $a310 p.$d21 cm 225 1 $aEconomica Laterza$v578 610 0 $aCamorra$aStoria 676 $a364.3$v22$zita 700 1$aBarbagallo,$bFrancesco$f<1945- >$0308463 801 0$aIT$bUNINA$gREICAT$2UNIMARC 901 $aBK 912 $a990009528550403321 952 $aCollez. 1623 (578)$b48119$fFSPBC 959 $aFSPBC 996 $aStoria della camorra$9770937 997 $aUNINA LEADER 01113nam--2200349---450- 001 990002078300203316 005 20110124125755.0 010 $a978-88-324-7386-5 035 $a000207830 035 $aUSA01000207830 035 $a(ALEPH)000207830USA01 035 $a000207830 100 $a20041013d2009----||itac50 ba 101 $aita 102 $aIT 200 1 $a<> contabilità aziendale$econtabilità generale, analitica, ordinaria e di magazzino, contabilità aziendale e relativi adempimenti, Internal auditing contabile$fa cura di Maura Campra 205 $a2.ed 210 $aMilano$cGruppo 24 ore$d2009 215 $aXII, 349 p.$d24 cm 606 $aAziende$xContabilità$2BNCF 676 $a657 702 1$aCAMPRA,$bMaura 801 0$aIT$bICCU$c20100808 912 $a990002078300203316 951 $a657 CON 18$b19397 E.C.$c657 CON$d00124608 959 $aBK 969 $aECO 979 $aACQUISTI$b10$c20041013$lUSA01$h1528 979 $aPATRY$b90$c20110124$lUSA01$h1253 979 $aPATRY$b90$c20110124$lUSA01$h1257 996 $aContabilità aziendale$91042008 997 $aUNISA